Statistics for Biggest Countries in history

Click here to take the quiz!

General Stats

  • This quiz has been taken 11 times
  • The average score is 44 of 102

Answer Stats

Year(s)Modern day countries inMaxiumum land areaEmpire% Correct
1921United Kingdom, Ireland, Canada, Bahamas, Jamaica, Trinidad and Tobago, Barbados, Grenada, St. Vincent and the Grenadines, St. Lucia, Dominica, Antigua and Barbda, Guyana, Belize, The Gambia, Ghana, Sierra Leone, Nigeria, Namibia, Botswana, South Africa, Lesotho, Eswatini, Zimbabwe, Zambia, Malawi, Tanzania, Kenya, Uganda, Sudan, South Sudan, Egypt, Somalia, Yemen, Oman, UAE, Qatar, Bahrain, Israel, Jordan, Iraq, Kuwait, Cyprus, Malta, Pakistan, India, Bangladesh, Myanmar, Malaysia, Singapore, Brunei, Papua New Guinea, Australia, New Zealand, Solomon Islands, Vanuatu, Fiji, Tonga, Nauru, Tuvalu33,2British Empire
100%
2014-presentRussia, Ukraine17,1Russia
100%
1866Russia, Finland, Estonia, Latvia, Lithuania, Belarus, Ukraine, Poland, Moldova, Azerbaijan, Armenia, Georgia, Kazachstan, Kirgistan, Tajikistan, Uzbekistan, Turkmenistan, Mongolia23,7Russian Empire
100%
1945-1991Russia, Estonia, Latvia, Lithuania, Belarus, Ukraine, Azerbaijan, Armenia, Georgia, Kazachstan, Kirgistan, Tajikistan, Uzbekistan, Turkmenistan,22,4Soviet Union
100%
1740-1790Spain, Morocco, Equatorial Guinea, USA, Mexico, Cuba, Dominican Republic, Belize, Nicaragua, El Salvador, Honduras, Guatemala, Costa Rica, Panama, Colombia, Venezuela, Ecuador, Peru, Bolivia, Paraguay, Uruguay, Chile, Argentina, Phillipines20,0Spanish Empire
100%
1939-presentAustralia8,2Australia
91%
1822-1825Brazil, Uruguay, Paraguay, Bolivia,8,7Brazilian Empire
91%
1949-presentCanada10,0Canada
91%
1999-presentChina9,9China
91%
1923-1938France, Martinique, Guadeloupe, St. Kitts and Nevis, Tunisia, Algeria, Morocco, Mauretania, Mali, Senegal, Guinea, Ivory Coast, Burkina Faso, Niger, Togo, Benin, Chad, CAR, Cameroon, Congo, Djibouti, Madagascar, Comoros, Mauritiusmm, Seychelles, Vietnam, Cambodia, Syria, Kiribati13,00French Colonial Empire
91%
1822Mexico, USA4,9Mexican Empire
91%
1270Mongolia, China, Russia, North Korea, South Korea, Vietnam, Laos, Myanmar, Kazachstan, Kirgistan, Tajikistan, Uzbekistan, Turkmenistan, Afghanistan, Pakistan, Iran, Iraq, Kuwait, Syria, Turkey, Azerbaijan, Armenia, Georgia, Ukraine, Belarus, Poland, Moldova, Romania, Slovakia, Hungary, Bulgaria, Serbia, Montenegro33,0Mongol Empire
91%
1815Portugal, Cape Verde, Guinea, Angola, Mozambique, Brazil, East Timor10,4Portuguese Colonial Empire
91%
1790China, Mongolia, Russia, North Korea, South Korea, Nepal, Bhutan, Vietnam, Laos, Thailand, Myanmar, Kirgistan, Tajikistan, Kazachstan, Afghanistan, Uzbekistan,,Turkmenistan14,7Qing Empire
91%
1898-1946USA, Philippines, Samoa, Cuba, Bahamas9,8USA
91%
1942Japan, South Korea, North Korea, China, Vietnam, Cambodia, Myanmar, Malaysia, Singapore, Indonesia, Brunei, East Timor, Papua New Guinea, F.D. Micronesia7,4Japan
82%
1942Germany, Denmark, Norway, Poland, Lithuania, Latvia, Estonia, Belarus, Ukraine, Russia, Moldova, Romania, Bulgaria, Serbia, Bosnia & Herzegovina, Croatia, Austria, Czech Republic, Slovakia, Netherlands, Belgiumm, Luxembourg, France6,4Nazi Germany
82%
1683Turkey, Greece, Bulgaria, Romania, Moldova, North Macedonia, Kosovo, Serbia, Bosnia & Herzegovina, Croatia, Hungary, Slovakia, Montenegro, Ukraine, Russia, Azerbaijan, Armenia, Georgia, Cyprus, Syria, Israel, Jordan, Iraq, Kuwait, Saudi Arabia, Bahrain, Yemen, Egypt, Sudan, Eritrea, Libya, Tunisia, Algeria,5,2Ottoman Empire
82%
480 B.C.Iran, Pakistan, Afghanistan, Kirgistan, Tajikistan, Uzbekistan, Turkmenistan, Kazachstan, Azerbaijan, Armenia, Turkey, Greece, Bulgaria, Romania, Ukraine, Russia, Cyprus, Syria, Lebanon, Israel, Jordan, Kuwait, Iraq, Saudi arabia, Egypt, Libya8,0Persian Achaemenid Empire
82%
115-117Italy, Vatican City, San Marino, Malta, France, Monaco, Andorra, Spain, Portugal, Switzerland, Liechtenstein, Austria, Netherlands, Belgium, Luxembourg, Germany, Great Britain, Morocco, Algeria, Tunisia, Libya, Egypt, Jordan, Israel, Lebanon, Syria, Turkey, Iraq, Kuwait, Azerbaijan, Armenia, Georgia, Russia, Ukraine, Romania, Bulgaria, Kosovo, North Macedonia, Greece, Albania, Montenegro, Serbia, Bosnia & Herzegovina, Croatia, Slovenia, Hungary6,5Roman Empire
82%
1962-presentAlgeria2,3Algeria
73%
1975-presentAngola1,25Angola
73%
1960-presentChad1,28Chad
73%
1963-presentD.R. Congo2,3D.R. Congo
73%
1795-1890Netherlands, Belgium, Canada, Usa, Guyana, Suriname, French Guyana, Brazil, South Africa, Togo, Ghana, Ivory Coast, Sri Lanka, Indonesia, Taiwan3,7Dutch Colonial Empire
73%
1975-presentIndia3,3India
73%
323 B.C.North Macedonia, Kosovo, Albania, Bulgaria, Greece, Turkey, Armenia, Syria, Lebanon, Israel, Jordan, Egypt, Iraq, Kuwait, Iran, Pakistan, Afghanistan, Uzbekistan, Turkmenistan, Tajikistan5,2Macedonian Empire
73%
1911-presentMongolia1,5Mongolia
73%
1960-presentNiger1,26Niger
73%
1932-presentSaudi Arabia2,0Saudi Arabia
73%
1881-presentArgentina2,8Argentina
64%
1720-1734Austria, Hungary, Romania, Serbia, Bosnia & Herzegovina, Croatia, Italy, Liechtenstein, Czech Republic, Slovakia, Poland, Netherlands, Belgium, France, Germany0,75Austria(Habsburg Monarchy)
64%
1861-1865USA2,0Confederate States of America
64%
1800Denmark, Norway, Iceland3,0Danish Colonial Empire
64%
1952-1993Ethiopia1,3Ethiopia
64%
1811France, Spain, Andorra, Monaco, Italy, Vatican City, San Marino, Croatia, Switzerland, Germany, Belgium, Luxembourg, Netherlands, Poland, Belarus2,1First French Empire
64%
1914Germany, Poland, Lithuania, Cameroon, Gabon, Namibia, Tanzania, Papua New Guinea, F.D. Micronesia3,5German Colonial Empire
64%
1945-presentIndonesia1,9Indonesia
64%
1939-1940Italy, Croatia, Albania, Greece, Libya, Somalia, Ethiopia, Eritrea3,8Italian Colonial Empire
64%
1991-presnetKazachstan2,7Kazachstan
64%
1951-presentLibya1,78Libya
64%
1835-1839Peru, Bolivia3,5Peru-Bolivia Confederation
64%
1949-1990South Africa, Namibia2,0Union of South Africa
64%
550Turkey, Greece, Bulgaria, Ukraine, Russia, Albania, Kosovo, North Macedonia, Montenegro, Serbia, Bosnia & Herzegovina, Croatia, Slovenia, Italy, France, Spain, Malta, Cyprus, Syria, Lebanon, Israel, Jordan, Egypt, Libya, Tunisia, Algeria, Morocco4,5Byzantine Empire
55%
1690India, Bangladesh, Pakistan, Afghanistan, Nepal, Bhutan4,6Mughal Empire
55%
1618-1621Poland, Lithuania, Latvia, Belarus, Ukraine, Slovakia, Romania1,15Polish-Lithuanian Commonwealth
55%
1956-2011Sudan, South Sudan2,5Sudan
55%
1922-1960Belgium, D.R. Congo, Rwanda, Burundi2,5Belgian Colonial Empire
45%
681-1018Bulgaria, Turkey, Greece, Albania, North Macedonia, Kosovo, Montenegro, Serbia, Romania, Ukraine, Moldova0,8First Bulgarian Empire
45%
1825-1831Colombia, Venezuela, Ecuador, Panama2,5Great Colombia
45%
1959-1960Mali, Senegal, Burkina Faso, Benin1,4Mali Federation
45%
800China, Nepal, Bhutan, India, Bangladesh4,6Tibet
45%
720-732Saudi Arabia, Qatar, UAE, Yemen, Oman, Kuwait, Bahrain, Iraq, Iran, Pakistan, Afghanistan, Tajikistan, Kirgistan, Uzbekistan, Turkmenistan, Azerbaijan, Armenia, Georgia, Turkey, Cyprus, Syria, Lebanon, Israel, Jordan, Egypt, Libya, Algeria, Tunisia, Morocco, Portugal, Spain13,0Umayyad Caliphate
45%
1310Russia, Ukraine, Kazachstan, Uzbekistan6,0Golden Horde
36%
1527Peru, Chile, Argentina, Bolivia, Peru, Ecuador, Colombia2,0Inca Empire
36%
1050Russia, Ukraine3,0Kievan Rus
36%
1747Iran, Turkmenistan, Afghanistan, Pakistan, Azerbaijan, Armenia, Georgia, Russia, Turkey, Iraq, Kuwait4,0Persian Afsharid Dynasty
36%
1959-1961Egypt, Syria1,18United Arab Republic
36%
814France, Andorra, Spain, Monaco, Italy, San Marino, Vatican City, Switzerland, Liechtenstein, Austria, Croatia, Germany, Netherlands, Belgium, Luxembourg1,2Frankish Empire
27%
400India3,5Gupta Empire
27%
1397Denmark, Germany, Sweden, Norway, Iceland, Finland, Russia3,0Kalmar Union
27%
250 B.C.India, Bangladesh, Pakistan, Afghanistan5,0Mauryan Empire
27%
1512Iran, Iraq, Kuwait, Syria, Turkey, Armenia, Azerbaijam, Georgia, Russia, Uzbekistan, Turkmenistan, Tajikistan, Afghanistan, Pakistan3,5Safavid Empire(Persia)
27%
395Italy, Vatican City, San Marino, Slovenia, Croatia, Bosnia & Herzegovina, Austria, Liechtenstein, Switzerland, Germany, Netherlands, Belgium, Luxembourg, France, Andorra, Spain, Great Britain, Morocco, Algeria, Tunisia, Libya2,0Western Roman Empire
27%
750Saudi Arabia, Yemen, Oman, UAE, Qatar, Bahrain, Kuwait, Iraq, Iran, Pakistan, Afghanistan, Kirgistan, Tajikistan, Uzbekistan, Turkmenistan, Azerbaijan, Armenia, Georgia, Turkey, Syria, Lebanon, Israel, Jordan, Egypt, Algeria, Libya, Tunisia, Italy, Greece11,1Abbasid Caliphate
18%
1312Mali, Niger, Burkina Faso, Ivory Coast, Guinea, Senegal, The Gambia1,29Mali Empire
18%
620Iran, Iraq, Kuwait, Saudi Arabia, Qatar, Bahrain, UAE, Oman, Yemen, Egypt, Israel, Jordan, Lebanon, Syria, Turkey, Armenia, Azerbaijan, Georgia, Russia3,5Sassanid Empire
18%
301 B.C.Iran, Turkmenistan, Uzbekistan, Kazachstan, Tajikistan, Kirgistan, Afghanistan, Pakistan, Armenia, Georgia, Turkey, Iraq, Kuwait, Syria, Lebanon, Israel3,9Seleucid Empire
18%
350Ethiopia, Eritrea, Djibouti, Somalia, Yemen, Saudi Arabia1,25Aksumite Empire
9%
1200Morocco, Spain, Portugal, Algeria, Tunisia, Libya2,0Almohads Dynasty
9%
697 B.C.Egypt, Israel, Jordan, Lebanon, Syria, Turkey, Iraq, Kuwait, Iran1,4Assyrian Empire
9%
1050India, Sri Lanka, Indonesia, Malaysia, Singapore3,6Chola Empire
9%
1320India, Bangladesh, Pakistan3,2Delhi Sultanate
9%
969Saudi Arabia, Jordan, Israel, Egypt, Libya, Tunisia, Algeria, Morocco, Italy, Malta5,1Fatimid Caliphate
9%
150 B.C.Pakistan, India2,6Indo-Greek Kingdom
9%
1300Egypt, Libya, Saudi Arabia, Jordan, Israel, Lebanon, Syria2,1Mamluks Sultanate
9%
585 B.C.Iran, Afghanistan, Turkey, Armenia2,8Median Empire
9%
1080Iran, Afghanistan, Turkmenistan, Uzbekistan, Kazachstan, Tajikistan, Kirgistan, China, Oman, UAE, Iraq, Kuwait, Azerbaijan, Armenia, Georgia, Russia, Turkey, Syria, Lebanon, Israel, Jordan3,9Seljuk Empire
9%
1500Mali, Mauretania, Niger, Nigeria, Benin, Burkina Faso, Guinea, Senegal, The Gambia1,4Songhai Empire
9%
1405Iran, Iraq, Kuwait, Saudi Arabia, Azerbaijan, Russia, Turkey, Syria Turkmenistan, Uzbekistan, Kazachstan, Kirgistan, Tajikistan, Afghanistan, Pakistan, India, China4,6Timurids Empire
9%
1190Saudi Arabia, Yemen,Jordan, Israel, Lebanon, Syria, Egypt, Libya, Tunisia2,7Ayyubid Empire
0%
1310-1350Kazachstan, Uzbekistan, Tajikistan, Kirgistan, Afghanistan, Pakistan, India, China, Russia, Mongolia3,5Chagatai Khanate
0%
557Kazachstan, Uzbekistan, Kirgistan, Tajikistan, China, Mongolia6,0Gökturks Khaganate
0%
184Afghanistan, Pakistan, India, Iran, Tajikistan, Kirgistan, Turkemnistan, Uzbekistan, Kazachstan2,5Greco-Bactrian Kingdom
0%
625-648India, Nepal, Bhutan, Bangladesh1,35Harsha Empire
0%
490Kazachstan, China, Mongolia, Kirgistan, Tajikistan, Uzbekistan, Afghanistan, Pakistan4,0Hephtalite Khanate
0%
1310Iran, Turkmenistan, Afghanistan, Tajikistan, Pakistan, Iraq, Syria, Turkey, Armenia, Azerbaijan, Georgia, Russia3,75Ilkhanate
0%
50Pakistan, India1,5Indo-Parthian Kingdom
0%
90Afghanistan, Pakistan, India1,5Indo-Scythian Kingdom
0%
1126China, Russia, North Korea2,3Jin Dynasty
0%
1025Kazachstan, Uzbekistan, Turkemnistan, Tajikistan, Kirgistan, China, Mongolia, Russia3,0Kara-Khanids Khaganate
0%
1210Kazachstan, Uzbekistan, Kirgistan2,5Kara Khitais Khanate
0%
850Russia, Ukraine, Georgia, Azerbaijan, Kazachstan3,0Khazar Khaganate
0%
1218Iran, Azerbaijan, Turkmenistan, Uzbekistan, Kazachstan, Kirgistan, Tajikistan, Afghanistan, Pakistan, UAE, Oman3,6Khwarezmian Empire
0%
200Afghanistan, Pakistan, India, Tajikistan, Kirgistan3,8Kushan Empire
0%
1389Indonesia, Malaysia, Singapore, Brunei, East Timor2,7Majapahit Empire
0%
1674-1820India2,5Marathas
0%
850Bangladesh, India4,0Pala Empire
0%
1Iran, Iraq, Kuwait, Saudi Arabia, Armenia, Turkey2,8Partian Empire
0%
900Iran, Iraq, Pakistan, Afghanistan, India, China, Tajikistan, Uzbekistan, Turkmenistan2,0Saffarid Dynasty
0%
1520Russia1,8Sibir Khanate
0%
795Mongolia, China, Russia, Kazachstan3,1Uyghur Khaganate
0%

Score Distribution

Percentile by Number Answered

Percent of People with Each Score

Your Score History

You have not taken this quiz